Magyar gentry-történetek

Elmentve itt :
Bibliográfiai részletek
Szerző: Kemechey Jenő
Dokumentumtípus: Könyv
Megjelent: Endrényi Testvérek Bizománya Szeged, Magyarország 1891
Kulcsszavak:Magyar irodalom - novella
Tárgyszavak:
Online Access:http://misc.bibl.u-szeged.hu/57767
LEADER 00685nam a2200193 i 4500
001 misc57767
005 20210517211923.0
008 210517s1891 hu o 0|| hun d
040 |a SZTE Miscellanea Repozitórium  |b hun 
041 |a hun 
100 1 |a Kemechey Jenő 
245 1 0 |a Magyar gentry-történetek  |h [elektronikus dokumentum] /  |c  Kemechey Jenő 
260 |a Endrényi Testvérek Bizománya  |b Szeged, Magyarország  |c 1891 
300 |a 153 p.  |c 20 cm 
650 4 |a Bölcsészettudományok 
650 4 |a Nyelvek és irodalom 
650 4 |a Általános irodalomtudományok 
695 |a Magyar irodalom - novella 
856 4 0 |u http://misc.bibl.u-szeged.hu/57767/1/xa_211995.pdf  |z Dokumentum-elérés